| Tag |
First Indicator |
Second Indicator |
Subfields |
| LEADER |
00000cam a2200000 a 4500 |
| 001 |
in00000010217 |
| 005 |
20151006080021.0 |
| 008 |
870519s1988 maua b 00110 eng |
| 010 |
|
|
|a 87014457
|
| 020 |
|
|
|a 0201135760 :
|c $37.95
|
| 035 |
|
|
|a (OCoLC)15858774
|
| 035 |
|
|
|9 AAA2417AM
|
| 040 |
|
|
|a DLC
|c DLC
|d TXA
|d UtOrBLW
|
| 049 |
|
|
|a TXAM
|c [A11027290]
|
| 050 |
0 |
0 |
|a TJ211
|b .W75 1988
|
| 082 |
0 |
|
|a 670.42
|2 19
|
| 100 |
1 |
|
|a Wright, Paul Kenneth.
|
| 245 |
1 |
0 |
|a Manufacturing intelligence /
|c Paul Kenneth Wright, David Alan Bourne.
|
| 264 |
|
1 |
|a Reading, Mass. :
|b Addison-Wesley,
|c [1988]
|
| 264 |
|
4 |
|c ©1988
|
| 300 |
|
|
|a xv, 352 pages :
|b illustrations ;
|c 25 cm.
|
| 336 |
|
|
|a text
|b txt
|2 rdacontent
|
| 337 |
|
|
|a unmediated
|b n
|2 rdamedia
|
| 338 |
|
|
|a volume
|b nc
|2 rdacarrier
|
| 504 |
|
|
|a Bibliography: pages 307-311.
|
| 500 |
|
|
|a Includes index.
|
| 650 |
|
0 |
|a Robotics.
|
| 650 |
|
0 |
|a Artificial intelligence
|x Industrial applications.
|
| 650 |
|
0 |
|a Production engineering.
|
| 700 |
1 |
|
|a Bourne, David Alan.
|
| 999 |
|
|
|a MARS
|
| 999 |
f |
f |
|s 86092921-0264-3454-9d24-c732abc44edf
|i a07a0a53-4e75-329b-9554-387febe99493
|t 0
|
| 952 |
f |
f |
|p ric
|a Texas A&M University
|b Rellis Campus
|c Joint Library Facility
|d Remote Storage
|t 0
|e TJ211 .W75 1988
|h Library of Congress classification
|i unmediated -- volume
|m A14811027290
|
| 998 |
f |
f |
|a TJ211 .W75 1988
|t 0
|l Remote Storage
|